| 000 | 00789nas a2200265 4500 | ||
|---|---|---|---|
| 001 | BR7301908 | ||
| 003 | BR-BrBNA | ||
| 005 | 20231205082413.0 | ||
| 007 | ta | ||
| 008 | 230509b bl.|||p| |||| 00| 00por d | ||
| 040 |
_aBR-BrBNA _bpor _cBiblioteca Nacional de Agricultura |
||
| 041 | _a(Pt) | ||
| 072 | _aQ20; Q10; H70 | ||
| 100 | 1 | _aYokoya, F. | |
| 100 | 1 | _aAntunes, A.J. | |
| 100 | 1 | _aJordao, B.A. | |
| 245 | 1 | _aDeterioracao da castanha-do-para, 1: armazenamento das amendoas [Brasil] | |
| 650 | _aCASTANHA DO PARA | ||
| 650 | _aDETERIORACAO | ||
| 650 | _aARMAZENAMENTO | ||
| 650 | _aAMENDOA | ||
| 773 | 0 |
_tColetanea do Instituto de Tecnologia de Alimentos (Brazil) _x _g(1969), v. 3 p. 313-323 _wBR7301908 |
|
| 909 |
_a202311 _bLúcia _c55 _dLúcia Elande |
||
| 942 |
_2AGRIS _n0 _cANA |
||
| 999 |
_c91507 _d91507 |
||